Grey's Anatomy Events Quiz Stats

Quiz not verified by Sporcle

Challenge
Share
Tweet
Embed
Score 0/10 Timer 05:00
4 Plays Today
Quesiton Answer % Correct
Adopting Zola was whose idea?Derek
98.8%
Who died in the plane crash in season eight?Lexie
97.6%
How many children does Mark have?Two
95%
How many sister does Derek have?four
89.4%
What is the name of Meredith and Derek's third child?Ellis
85.1%
Who proposed to April in season nine?Matthew
78.9%
Which of the five original interns had a daughter first?Izzie
78.9%
What country does Cristina move to in season ten?Switzerland
63.8%
Jackson has what 'lucky' item?pencil
56.9%
What did April's sisters nickname her?Duckie
39%

You're not logged in!

Compare scores with friends on all Sporcle quizzes.
Sign Up with Email
OR
Log In

You Might Also Like...

Show Comments

Extras

Top Quizzes Today


Score Distribution

Your Account Isn't Verified!

In order to create a playlist on Sporcle, you need to verify the email address you used during registration. Go to your Sporcle Settings to finish the process.

Report this User

Report this user for behavior that violates our Community Guidelines.

Details: